Estadísticas para Comunas de la Región del Maule

Haz click aquí para intentar la prueba.

Estadísticas generales

  • Esta prueba ha sido intentada 29 veces
  • La puntuación promedio es 12 de 30

Estadísticas de respuestas

Comunas% Correcto
LinaresLinares
100%
CauquenesCauquenes
86%
TalcaConstitución
86%
CuricóCuricó
86%
CuricóMolina
86%
TalcaTalca
86%
CuricóLicantén
57%
LinaresParral
57%
CauquenesChanco
43%
LinaresColbún
43%
TalcaMaule
43%
CuricóRomeral
43%
TalcaSan Clemente
43%
LinaresSan Javier
43%
TalcaCurepto
29%
TalcaEmpedrado
29%
CuricóHualañé
29%
LinaresRetiro
29%
CuricóTeno
29%
CuricóVichuquén
29%
LinaresVilla Alegre
29%
LinaresYerbas Buenas
29%
LinaresLongaví
14%
CuricóRauco
14%
TalcaRío Claro
14%
CuricóSagrada Familia
14%
TalcaSan Rafael
14%
TalcaPelarco
0%
CauquenesPelluhue
0%
TalcaPencahue
0%

Distribución de puntuación

Porcentaje por número respondido

Porcentaje de gente con cada puntuación

Historial de tus puntuaciones

No has intentado esta prueba.